Lähimmät kaupunkiparit #2 - Statistics

Yleistilastot
  • Tätä visaa on pelattu 264 kertaa
  • Keskiarvotulos 12 / 20
Vastaustilastot
Kaupunki 1 Kaupunki 2 % Oikein
Torino Milano
91%
Rooma Napoli
83%
Pretoria Johannesburg
78%
Vancouver Seattle
75%
Kairo Aleksandria
74%
Brisbane Sydney
74%
Berliini Hampuri
72%
Philadelphia New York
72%
Havanna Miami
67%
Edmonton Calgary
56%
Dallas Austin
55%
Damaskos Beirut
53%
Marrakech Casablanca
51%
Kampala Kigali
49%
Minneapolis Milwaukee
40%
Guatemala San Salvador
36%
Peking Tianjin
36%
Detroit Cleveland
32%
Ciudad Juárez El Paso
30%
Hongkong Shenzhen
28%
Ehtoja vastaavia visoja ei löytynyt
Tulosjakauma
Jokaisen tuloksen saaneiden osuus
Persentiili vastausten määrän mukaan
Tuloshistoriasi
Et ole pelannut tätä visaa